00561nam a2200145 a 450000100100000000500170001000800410002704000250006810000380009324500590013126000670019030000360025795201050029399900170039800003944020201002031642.0130628s1981 dr ac 000 0 spa d aDO-SdBNPbspacBNPHU1 aCastillo Andújar, Rafael96564810aNotas sobre fotografía /cRafael Castillo Andújar. aSanto Domingo :bSecretaría de Estado de Agricultura,c1981. a63 p. :bils., retrs. ;c22 cm. 0010718PDaPDbPDcCTd2013-06-28iLF1l0o p39440-10r2020-06-25w2020-06-25yLFPDZNo se presta c38930d38930